The Smiths - The Boy With the Thorn in His Side Lyrics - Statistics

General Stats
  • This quiz has been taken 66 times
  • The average score is 122 of 154
Answer Stats
Hint Answer % Correct
a
100%
boy
100%
his
100%
in
100%
side
100%
Chorus The
100%
the
100%
thorn
100%
with
100%
do
90%
don't
88%
can
85%
they
85%
Who
85%
Behind
83%
me
83%
there
83%
and
81%
And
81%
eyes
81%
believe
79%
hear
79%
lies
79%
love
79%
ever
77%
for
77%
Verse 1 | Verse 2 How
77%
how
77%
look
77%
now
77%
Oh
77%
oh
77%
us
77%
desire
75%
if
75%
see
75%
to
75%
will
75%
my
73%
say
73%
still
73%
Still
73%
those
73%
words
71%
hatred
69%
you
69%
when
65%
murderous
63%
want
60%
our
58%
know
54%
go
46%
all
44%
this
44%
time
44%
after
42%
live
40%
Where
38%
plundering
29%
need
25%
start
25%
No matching quizzes found
Score Distribution
Percent of People with Each Score
Percentile by Number Answered
Your Score History
You have not taken this quiz